Missing Word: Sci-Fi Movies Quiz Stats

Quiz Updated Sep 11, 2017

Also try: Sci-Fi By Picture
Challenge
Share
Tweet
Embed
Score 0/24 Timer 02:00
0 Plays Today
Movie Title Missing Word % Correct
Jurassic ____Park
97.7%
Planet of the ____Apes
95.6%
Back to the ____Future
94.2%
The Day the ____ Stood StillEarth
94%
It Came from ____ SpaceOuter
90%
The ____ Strikes BackEmpire
89.6%
Close Encounters of the ____ KindThird
82.4%
____ DarkoDonnie
76.5%
Terminator 2: ____ DayJudgment
76.1%
____ RunnerBlade
75.1%
The Fifth ____Element
73.3%
2001: A Space ____Odyssey
73.2%
Movie Title Missing Word % Correct
Total ____Recall
68.5%
____ ReportMinority
68.4%
Open Your ____Eyes
65.1%
Star Trek II: The Wrath of ____Khan
62%
Children of ____Men
61%
____ of the Body SnatchersInvasion
58.9%
____ MonkeysTwelve
54.9%
Starship ____Troopers
53.8%
Soylent ____Green
50.4%
Mad ____Max
50.3%
____ 9District
48.3%
The Iron ____Giant
47.5%

Today's Daily Dose

You're not logged in!

Compare scores with friends on all Sporcle quizzes.
Sign Up with Email
OR
Log In

You Might Also Like...

Show Comments

Extras

Top Quizzes Today


Score Distribution

Your Account Isn't Verified!

In order to create a playlist on Sporcle, you need to verify the email address you used during registration. Go to your Sporcle Settings to finish the process.